000 01452cam a2200145 4500500
005 20260405013713.0
041 _afre
042 _adc
100 1 0 _aGomez, Théo
_eauthor
700 1 0 _aPineau, Alix
_eauthor
245 0 0 _aLe système pénitentiaire français : État des lieux, politique, et enjeux
260 _bArmand Colin,
_c2024.
520 _aSurpopulation, radicalisation en détention, prévention de la récidive, droits des personnes détenues… les enjeux pénitentiaires font l’objet d’une attention médiatique constante et alimentent, non sans polémiques, les débats politiques et médiatiques.Ce manuel vise à une meilleure compréhension des enjeux qui sous-tendent la prise en charge carcérale en France, à travers une analyse juridique, historique, sociologique et politique.Une première approche globale du monde carcéral qui traite de l’identification des acteurs de la détention, des enjeux sécuritaires de la prison et des axes de normalisation de la vie des personnes détenues, pour garantir leurs droits et assurer l’objectif de réinsertion assigné à la détention.Ce livre s’adresse particulièrement aux étudiants désireux de parfaire leurs connaissances des politiques sécuritaires de l’État, et notamment à ceux qui se destinent aux concours judiciaires.
856 4 1 _uhttps://droit.cairn.info/le-systeme-penitentiaire-francais--9782200637385?lang=fr&redirect-ssocas=7080
999 _c2107445
_d2107445